[Event "Charity Cup MCCT Prel 2022"]
[Site "Online"]
[Date "2022.03.15"]
[Round "5.2"]
[White "Navara, David"]
[Black "Ding, Liren"]
[Result "1/2-1/2"]
[WhiteElo "2700"]
[BlackElo "2799"]
[Annotator "TA"]
[PlyCount "92"]
[EventDate "2022.03.18"]
[EventType "tourn"]
[EventCountry "NET"]
[SourceTitle "playchess.com"]
[Source "ChessBase"]
[SourceQuality "1"]

{[%evp 15,92,20,28,8,40,0,2,2,10,6,0,0,0,-9,56,31,73,20,51,21,26,28,75,37,35,8,8,3,4,0,0,3,5,0,0,0,0,0,0,0,0,-4,-5,-20,0,0,0,-28,-27,-27,-27,-27,-27,-27,0,0,0,0,0,0,0,0,0,0,0,0,0,0,0,0,0,0,0,0,0,0,0,0,0]} 1. d4 Nf6 2. c4 e6 3. Nf3 d5 4. Nc3 Bb4 5. Bg5 dxc4 6. e4 h6 7. Bxf6 Qxf6 8. Bxc4 c5 9. O-O {Black must now prevent Nb5. D39: Queen's Gambit Declined: Ragozin Defence with 5 Bg5 dxc4.} cxd4 $1 {[#] 9...cxd4 is better than 9...0-0.} 10. e5 $1 Qd8 11. Ne4 O-O 12. Qe2 Be7 13. Rfd1 Qa5 14. Ng3 {[#]} ({But not} 14. Rxd4 Nc6 15. Rd2 (15. Qd2 Qc7 $17) 15... Nxe5 $17) 14... b5 $146 (14... Rd8 $11) ({Predecessor:} 14... Rd8 15. Qe4 Nd7 16. Nh5 Nf8 17. Qg4 g6 18. Bd3 Bd7 19. Nf6+ Bxf6 20. exf6 Bc6 {½-½ (40) L'Ami,E (2630)-Wojtaszek,R (2750) Baden-Baden 2018}) 15. Bxb5 Bb7 (15... a6 $14 {is superior.} 16. Bd3 Bb7) 16. Nxd4 {White is more active.} ({White should try} 16. Rxd4 $16 {White wants to play Nh5.} Rd8 17. Rxd8+ Qxd8 18. Rd1) 16... a6 $1 $11 17. Bd3 {[%cal Og3f5] Threatens to win with Ngf5!} Nd7 18. Nb3 Qa4 (18... Qb4 $11 {is more appropriate.}) 19. Bc2 Rad8 $1 20. Be4 (20. Nc5 $5 Qc6 21. Nxb7 Qxb7 22. f4 $16 (22. Qd3 g6 $11)) 20... Bxe4 {A strong pair of Bishops.} 21. Rd4 Qb5 22. Rxe4 Nc5 23. Nxc5 Bxc5 24. Rc1 {[#] Hoping for Qxb5.} Rd5 25. h4 Bd4 26. b3 Bxe5 27. Nf1 Bd4 {[%cal Od5f5]} 28. Qxb5 axb5 29. Ne3 Bxe3 30. Rxe3 {[%mdl 4096] Endgame KRR-KRR} Rd2 31. a4 bxa4 32. bxa4 Ra2 {Inhibits Ra3.} 33. Rc4 Ra8 34. Ree4 g5 35. hxg5 {The position is equal.} hxg5 36. Rc5 {To avoid Ra5} R8xa4 37. Rxg5+ Kf8 38. Rxa4 Rxa4 {KR-KR} 39. g3 Ke7 40. Kg2 Ra3 41. Rh5 Rb3 42. Ra5 Kf6 43. Rc5 Rb2 44. Ra5 Rb3 45. Rc5 Rb2 46. Ra5 Rb3 {Weighted Error Value: White=0.10 (very precise) /Black=0.09 (flawless)} 1/2-1/2

[Event "Charity Cup MCCT Prel 2022"]
[Site "Online"]
[Date "2022.03.15"]
[Round "5.3"]
[White "Rapport, Richard"]
[Black "Hansen, Eric"]
[Result "1-0"]
[WhiteElo "2762"]
[BlackElo "2606"]
[Annotator "TA"]
[PlyCount "75"]
[EventDate "2022.03.18"]
[EventType "tourn"]
[EventCountry "NET"]
[SourceTitle "playchess.com"]
[Source "ChessBase"]
[SourceQuality "1"]

{[%evp 10,75,4,0,17,0,8,-3,22,0,0,0,-7,4,31,29,41,52,51,50,38,43,89,100,143,147,161,155,160,162,169,169,178,176,164,162,165,161,157,156,167,151,170,160,163,110,176,115,193,187,193,191,462,461,458,458,460,458,448,434,637,616,827,831,807,815,688,643]} 1. e3 Nf6 2. c4 e5 3. Nc3 Bb4 4. Nge2 O-O 5. a3 Bxc3 6. Nxc3 d5 {A22: English Opening: 1...e5 2 Nc3 Nf6.} 7. cxd5 Nxd5 8. Qc2 Nc6 {The position is equal.} 9. Nxd5 $5 {[%mdl 4] Leaves trodden paths.} Qxd5 10. b4 Re8 {[%cal Oc6d4] [#]} 11. f3 $146 ({Much weaker is} 11. b5 Nd4 $1 {[%mdl 512]} 12. Qa2 (12. exd4 $2 exd4+ 13. Be2 Qxg2 $19) 12... Nb3 $17) ({Predecessor:} 11. Bb2 Nd4 12. Qc3 Bf5 13. Rc1 c5 14. Qc4 Qd7 15. bxc5 Rad8 16. d3 b5 17. Qc3 {0-1 (37) Neverov,V (2568)-Rustemov,A (2598) Moscow 2005}) 11... Qd6 12. Bb2 Bd7 13. Rc1 Rac8 14. Bd3 h6 15. O-O a5 (15... Be6 $14 {might be stronger.}) 16. b5 $16 Nd8 {[#]} ({Black should try} 16... Ne7) 17. f4 $1 e4 18. Bxe4 Bxb5 19. Rf3 {Strongly threatening Bf5.} Rxe4 20. Qxe4 {Hoping for Rg3.} Bc6 21. Qf5 {[%csl LRa5,LRc8]} Qe6 22. Qxe6 ({Don't do} 22. Qxa5 Bxf3 23. gxf3 c5 $16) 22... Nxe6 23. Rf2 f5 24. h3 h5 25. Kh2 Kf7 26. Kg3 Be4 27. Kh4 (27. Be5 $18) 27... c5 (27... b6 $16 28. Be5 Nc5) 28. a4 (28. g4 $18) 28... Bc6 (28... Bd3 $16 29. g4 hxg4) 29. g4 $18 hxg4 30. hxg4 Kg6 (30... g6 31. Rh2 Bxa4) 31. d3 {White is clearly winning.} Rh8+ 32. Kg3 {And now gxf5+ would win.} fxg4 33. Kxg4 ({Not} 33. f5+ Kg5 34. Rh2 Rxh2 35. Kxh2 Kxf5 $16) 33... Nc7 34. Rxc5 {aiming for Rg5+.} Nd5 (34... Kf7 $142 35. Rf5+ Ke7 36. Rxa5 Rh1) 35. e4 Ne3+ 36. Kf3 Rh3+ 37. Ke2 Kf7 38. Rf3 {Weighted Error Value: White=0.06 (flawless) /Black=0.28 (precise)} 1-0

[Event "Charity Cup MCCT Prel 2022"]
[Site "Online"]
[Date "2022.03.15"]
[Round "5.4"]
[White "Lei, Tingjie"]
[Black "Harikrishna, Pentala"]
[Result "0-1"]
[WhiteElo "2535"]
[BlackElo "2719"]
[Annotator "TA"]
[PlyCount "128"]
[EventDate "2022.03.18"]
[EventType "tourn"]
[EventCountry "NET"]
[SourceTitle "playchess.com"]
[Source "ChessBase"]
[SourceQuality "1"]

{[%evp 14,128,20,34,29,27,12,13,23,20,11,26,8,6,0,0,0,0,0,0,0,20,12,27,27,12,0,0,25,33,30,-45,-56,-55,-41,-41,-37,-45,-50,-48,-35,-56,-61,-61,-48,-117,-121,-109,-108,-108,-107,-137,-132,-129,-129,-165,-162,-171,-136,-136,-139,-216,-171,-233,-233,-233,-194,-245,-245,-428,-24,-80,0,-119,-112,-347,-104,-97,0,0,0,-11556,-4629,-4629,-4520,-4517,-4364,-4343,-4210,-4126,-2263,-29958,-29957,-29960,-29960,-29960,-29961,-29964,-29966,-29965,-29964,-29964,-29965,-29965,-29966,-29966,-29967,-29968,-29968,-29963,-29962,-29972,-29973,-29973,-29975,-29969,-12846]} 1. e4 e5 2. Nf3 Nc6 3. Bc4 Nf6 4. Ng5 d5 5. exd5 Na5 6. Bb5+ c6 7. dxc6 bxc6 8. Bd3 {is now more promising than 8.Be2.} Nd5 {C58: Two Knights: 4 Ng5 d5 5 exd5 Na5 sidelines.} 9. Nf3 (9. Qh5 g6 10. Nxf7 gxh5 $17) 9... Bd6 10. O-O Nf4 {The position is equal.} 11. Nc3 Nxd3 12. cxd3 {[%cal Ob2b4]} O-O 13. b3 Re8 14. Re1 f6 15. Ne4 Bf8 16. Bb2 c5 $1 {Prevents d4.} 17. Ba3 {[#]} Nc6 $146 ({Predecessor:} 17... Nb7 18. b4 Qxd3 19. Re3 Qd5 20. bxc5 Be6 21. Rc1 Na5 22. d3 {½-½ (22) Boehme,S (2482)-Sarakenidis,N (2366) LSS email 2016}) 18. Qc1 (18. Bxc5 f5 19. Bxf8 fxe4 20. Bxg7 Kxg7 21. Rxe4 Qxd3 $15) 18... Nb4 19. d4 Bg4 $1 20. Nxc5 Bxf3 21. Bxb4 Qxd4 22. Qc4+ (22. gxf3 Qxb4 23. Ne4 Rac8 $15) (22. Qc3 $11 Bh5 23. Qxd4 exd4 24. Rxe8 Rxe8 25. Nd3) 22... Qxc4 $1 $15 23. bxc4 Bh5 {A strong pair of Bishops.} 24. Na6 Rac8 25. d3 Red8 26. Bxf8 Kxf8 27. Nb4 {[%cal Of2f4]} a5 28. Nd5 Bf7 29. Rec1 (29. Rad1 $15) 29... Bxd5 $17 30. cxd5 Rxc1+ 31. Rxc1 Rxd5 {[%mdl 4096] Endgame KR-KR} 32. Rc3 e4 $1 33. d4 Rxd4 {[%cal Rd4d1]} 34. g3 Kf7 35. Kg2 a4 {[%cal Ba5a4,Ba4a3][%mdl 32]} 36. Rc7+ Kg6 37. Ra7 (37. Re7 $17) 37... e3 $1 $19 {...Rd2 is the strong threat.} 38. fxe3 (38. a3 {might work better.}) 38... Rd2+ 39. Kf3 Rxa2 40. g4 (40. Ra6 {was called for.}) 40... a3 (40... Rxh2 41. Rxa4 Rh3+ 42. Kf4 $17) 41. h4 $2 (41. Kg3) 41... h5 $2 (41... Ra1 $19 42. h5+ Kh6) 42. gxh5+ $1 $11 Kh6 ({Better is} 42... Kxh5 $17 {Hoping for ...Ra1.} 43. Rxg7 Kxh4) 43. Ra5 (43. Kg4 $1 $11) 43... Ra1 $1 $17 44. Kg3 $2 (44. e4 $17) 44... Kh7 $2 (44... f5 $19 {has better winning chances. And now ...a2 would win.} 45. Kg2 Kxh5) 45. Ra8 f5 (45... a2 $17 {( -> ...Rg1+)} 46. Kg2 Re1 47. Rxa2 Rxe3) 46. Ra6 $11 ({But not} 46. Kf4 $2 a2 47. h6 (47. Ke5 $2 f4 $19) 47... Kxh6 $19) 46... Kg8 {aiming for ...a2.} 47. Ra7 $2 {[%mdl 8192] Black keeps a firm grip on the game.} ({Not} 47. Kf4 $2 a2 48. Ra8+ Kh7 $19) (47. Ra5 $11) 47... a2 $19 48. Kg2 {To avoid Rg1+} Kf8 49. Kh2 Ke8 50. Kg2 {[#]} Kd8 $1 51. Kh2 {[#]} Kc8 $1 52. Kg2 Kb8 {Black mates.} 53. Ra4 Kb7 54. Kh2 Kb6 55. Kg2 Kb5 56. Ra8 Kc4 57. Ra3 Kb4 58. Ra8 Kb3 59. Rb8+ Kc3 60. Ra8 Kd3 61. Ra3+ Ke4 62. Kh2 Kf3 63. h6 gxh6 64. h5 Kf2 {Weighted Error Value: White=0.35/Black=0.26 (precise)} 0-1

[Event "Charity Cup MCCT Prel 2022"]
[Site "Online"]
[Date "2022.03.16"]
[Round "5.5"]
[White "Praggnanandhaa R"]
[Black "Duda, Jan-Krzysztof"]
[Result "0-1"]
[WhiteElo "2612"]
[BlackElo "2760"]
[Annotator "TA"]
[PlyCount "84"]
[EventDate "2022.03.18"]
[EventType "tourn"]
[EventCountry "NET"]
[SourceTitle "playchess.com"]
[Source "ChessBase"]
[SourceQuality "1"]

{[%evp 9,84,20,16,0,9,0,0,0,0,4,24,16,0,6,28,28,54,56,53,30,40,9,63,29,58,29,64,0,0,-12,43,26,43,0,31,-6,32,32,35,41,72,0,0,-21,-22,-53,-22,-22,-14,-29,-25,-27,0,-11,0,0,0,0,172,0,0,0,149,121,455,0,168,-254,-243,-1073,-1062,-1544,-1213,-5043,-3212,-29989,-29990]} 1. d4 Nf6 2. c4 e6 {[%cal Be7e6,Be6e5][%mdl 32]} 3. Nc3 Bb4 4. Nf3 Bxc3+ 5. bxc3 d6 6. Qc2 {E21: Nimzo-Indian: 4 Nf3.} O-O 7. e4 e5 $1 8. Bd3 {The position is equal.} Nc6 9. Rb1 {[#]} h6 $146 ({Predecessor:} 9... Bg4 10. dxe5 dxe5 11. Rxb7 Bxf3 12. gxf3 Qc8 13. Rb5 a6 14. Rc5 Qe6 15. Be3 Nd7 {0-1 (32) Issakainen,A (2445)-Hernaez Fernandez,C (2323) ICCF email 2002}) 10. h3 b6 11. O-O Nd7 12. Be3 Ba6 13. Nd2 Na5 14. Qa4 Qe8 15. f4 Nf6 (15... exd4 $11 16. cxd4 d5) 16. Qc2 (16. Qa3 $5 {[%cal Rf4e5]}) 16... Nd7 17. Rbe1 Rd8 18. Kh1 (18. Rf3 $14) 18... f6 $11 19. Bg1 Rf7 (19... c5 $11) 20. Be2 Re7 21. Qd1 (21. f5 $14 {is superior.}) 21... Kh8 22. Bd3 Nf8 23. f5 c6 24. Bh2 b5 25. Nf3 ({Better is} 25. cxb5 $16 cxb5 26. a4) 25... Nxc4 26. Bxc4 bxc4 27. Qc2 Rb8 28. Rd1 c5 {White must now prevent ...cxd4.} 29. dxc5 dxc5 30. Rd5 Reb7 31. Nxe5 $1 fxe5 32. Bxe5 {aiming for f6.} Rd8 $1 {And now ...Rxd5 would win.} 33. f6 $1 Kg8 (33... Ng6 $11 {and Black is okay.} 34. fxg7+ Kh7) 34. Rxd8 $2 (34. fxg7 $18 {Rxd8 would kill now.} Ne6 35. Qd2 Rxd5 36. Qxd5) 34... Qxd8 35. fxg7 {[%cal Oc2d2]} Ng6 (35... Ne6 $1 $11 {keeps the balance.}) 36. Bf6 $1 $16 Qd3 {[%mdl 8192] [#]} (36... Qe8 $16) 37. Qc1 $2 (37. Rd1 $1 $18) 37... Rf7 $2 {[#]} (37... Rd7 $11 38. Kg1 Kh7) 38. Rf3 $4 {[%mdl 8192]} (38. Kg1 $1 $18 {was the only winning move.}) 38... Qxe4 $19 39. Re3 $2 (39. Qd1 Bb5 40. Qd6) 39... Qc6 40. Bd8 Bb7 {[%csl Gb7][%cal Rc6g2]} 41. Rg3 Nf4 {[%cal Rf4g2]} 42. Kh2 Ne2 {Weighted Error Value: White=1.01/Black=0.46} 0-1

[Event "Charity Cup MCCT Prel 2022"]
[Site "Online"]
[Date "2022.03.15"]
[Round "5.6"]
[White "Van Foreest, Jorden"]
[Black "Vidit, Santosh Gujrathi"]
[Result "1/2-1/2"]
[WhiteElo "2702"]
[BlackElo "2727"]
[Annotator "TA"]
[PlyCount "76"]
[EventDate "2022.03.18"]
[EventType "tourn"]
[EventCountry "NET"]
[SourceTitle "playchess.com"]
[Source "ChessBase"]
[SourceQuality "1"]

{[%evp 11,76,35,37,26,22,-15,30,33,33,-9,-11,-4,-5,-12,-12,-16,-13,-9,-8,-8,-11,-11,-9,-9,-8,-8,-11,-8,-9,-9,0,0,0,0,0,0,0,0,0,0,0,0,0,0,0,0,0,0,0,0,0,0,0,0,0,0,0,0,0,0,0,0,0,0,0,0,0]} 1. d4 Nf6 2. c4 e6 3. Nf3 d5 4. Nc3 c5 5. cxd5 cxd4 6. Qxd4 exd5 7. e4 {D41: Queen's Gambit Declined: Semi-Tarrasch with 5 cxd5.} dxe4 $1 {[%mdl 4] is now more promising than 7...Nc6.} 8. Qxd8+ Kxd8 9. Ng5 {[%csl LRe4,LRf7] White has an edge.} Be6 {[#]} 10. Bf4 $146 (10. Nxe6+ $14 {is superior.} fxe6 11. Bg5) ({Predecessor:} 10. Nxe6+ fxe6 11. Bg5 Nc6 12. O-O-O+ Ke8 13. Bxf6 gxf6 14. Nxe4 f5 15. Ng5 Bh6 16. h4 {½-½ (45) Aronian,L (2785)-Nepomniachtchi,I (2773) Chess.com INT 2022}) 10... Bb4 $11 {The position is equal.} 11. O-O-O+ Ke7 12. a3 Bxc3 13. Bd6+ Ke8 $1 {aiming for ...Ba5.} 14. bxc3 ({Don't play} 14. Nxe6 {[#]} Bxb2+ $1 15. Kxb2 fxe6 $15) 14... h6 15. Bb5+ {This bishop pair is nice.} Bd7 16. Nxe4 Nxe4 ({Don't take} 16... Bxb5 17. Nxf6+ gxf6 18. Rhe1+ Kd8 19. Bxb8+ Bd7 20. Bf4 $16) 17. Rhe1 f5 18. Bxd7+ Nxd7 19. f3 $132 {[%mdl 2112] [#] Pin. White is fighting back} Ndf6 $1 {[%cal Oe8f7] Threatening ...Kf7!} 20. fxe4 fxe4 21. Be5 Rf8 22. Kc2 Rd8 23. Bxf6 Rxd1 24. Rxe4+ Kf7 {...Rg1 is the strong threat.} 25. Kxd1 Kxf6 {[%mdl 4096] Endgame KR-KR} 26. Ke2 Rd8 27. Ra4 a6 28. Rb4 b5 29. a4 Rd5 30. axb5 axb5 31. c4 bxc4 32. Rxc4 Kg6 33. Rc2 Kh7 34. Kf2 Rf5+ 35. Kg1 Re5 36. Kf2 Rf5+ 37. Kg1 Re5 38. Kf2 Rf5+ {Weighted Error Value: White=0.02 (flawless) /Black=0.00 (flawless)} 1/2-1/2

[Event "Charity Cup MCCT Prel 2022"]
[Site "Online"]
[Date "2022.03.15"]
[Round "5.7"]
[White "Anton Guijarro, David"]
[Black "Ju, Wenjun"]
[Result "1-0"]
[WhiteElo "2691"]
[BlackElo "2560"]
[Annotator "TA"]
[PlyCount "53"]
[EventDate "2022.03.18"]
[EventType "tourn"]
[EventCountry "NET"]
[SourceTitle "playchess.com"]
[Source "ChessBase"]
[SourceQuality "1"]

{[%evp 9,53,0,-20,-17,12,20,98,95,120,103,107,118,117,112,106,101,228,214,235,205,220,176,197,162,273,287,282,265,268,244,367,347,731,731,731,731,731,717,777,777,770,745,1080,993,1185,1120]} 1. Nf3 d5 2. c4 d4 3. b4 c5 4. a3 f6 5. g3 e5 6. Bg2 {[#] A09: Réti Opening: 1 Nf3 d5 2 c4.} Nd7 $146 (6... Be6 $5 {[%cal Re6c4]}) ({Predecessor:} 6... Nc6 7. b5 Na5 8. d3 Bd6 9. O-O Ne7 10. e3 Rb8 11. exd4 cxd4 12. a4 b6 {1-0 (56) Oliva Castaneda,K (2515)-Valderrama Quiceno,E (2490) Sabadell 2019}) 7. O-O cxb4 (7... a5 $11 {remains equal.}) 8. e3 $16 {White is better.} dxe3 9. fxe3 Nh6 10. d4 Be7 11. axb4 Bxb4 12. Qb3 Be7 {[#]} (12... a5 $16) 13. c5 $1 $18 Nf7 14. Nc3 O-O 15. Rd1 exd4 16. exd4 f5 (16... Nxc5 {might work better.} 17. dxc5 Bxc5+ 18. Kh1 Qb6) 17. Nd5 {Bf4 is the strong threat.} Nf6 {[#]} 18. Nb6 {[%mdl 512]} axb6 19. Rxa8 bxc5 (19... Qd5 $142 20. Qxb6 Ne4) 20. Ng5 {Threatens to win with Nxf7. The board is on fire.} Ne4 $2 (20... Be6 21. Qxe6 Qxa8 22. Qxe7 Qa4) 21. Nxf7 {White is clearly winning.} Rxf7 22. Bxe4 fxe4 23. Be3 Qf8 24. dxc5 {[%cal Bd4c5,Bc5c6,Bc6c7][%mdl 32]} h6 25. Qd5 Bf6 26. c6 {And now cxb7 would win.} b5 27. c7 {Black got outplayed after the opening.  Weighted Error Value: White=0.03 (flawless) /Black=0.46} 1-0

[Event "Charity Cup MCCT Prel 2022"]
[Site "Online"]
[Date "2022.03.15"]
[Round "5.8"]
[White "Jones, Gawain C B"]
[Black "Le, Quang Liem"]
[Result "0-1"]
[WhiteElo "2671"]
[BlackElo "2709"]
[Annotator "TA"]
[PlyCount "52"]
[EventDate "2022.03.18"]
[EventType "tourn"]
[EventCountry "NET"]
[SourceTitle "playchess.com"]
[Source "ChessBase"]
[SourceQuality "1"]

{[%evp 12,52,14,15,25,11,19,0,4,5,17,0,0,-8,-2,-55,-56,-43,-24,-88,-84,-258,-257,-381,-382,-340,-363,-559,-532,-1205,-1203,-1198,-1190,-1174,-1172,-1157,-1110,-1122,-1110,-29993,-29994,-29994,-29995]} 1. e4 e5 2. Nf3 Nc6 3. Bc4 Nf6 4. d3 Bc5 5. O-O d6 6. c3 O-O 7. Re1 Bb6 {C54: Giuoco Piano: 4 c3 Nf6, main lines with 5 d4 and 5 d3.} 8. h3 Ne7 9. d4 Ng6 {The position is equal.} 10. Bb3 c6 11. Nbd2 exd4 $1 {[%mdl 4] is more profitable than 11...h6 at the moment.} 12. cxd4 d5 13. e5 (13. exd5 $11 Nxd5 14. Ne4) 13... Nh5 $1 $15 14. Nf1 Nhf4 {[#]} 15. Be3 $146 {[#]} (15. Bxf4 $11 {remains equal.} Nxf4 16. Qd2) ({Predecessor:} 15. Bxf4 Nxf4 16. Qd2 Ne6 17. Bc2 f5 18. b4 Bd7 19. Ng3 g6 20. Ne2 g5 21. h4 {0-1 (59) Soham,D (2263)-Shankland,S (2662) Sitges 2017}) 15... f6 $1 $17 {[%cal Of4g2] Black is more active.} 16. Ng3 $2 {[#] Now White is beyond hope.} (16. Bc2 $17 {keeps fighting.}) 16... fxe5 $1 $19 17. dxe5 (17. Bxf4 $142 Rxf4 18. Nh5) 17... Nh4 18. Nxh4 Qxh4 19. Qd2 {[#]} (19. Bxb6 $142 axb6 20. Re2) 19... Bxh3 $1 {[%mdl 512]} 20. gxh3 (20. Bxf4 Rxf4) 20... Bxe3 21. Qxe3 Nxh3+ {[%mdl 64] Discovered Attack, Double Attack} 22. Kg2 Rxf2+ {[%mdl 64] Overworked Piece} 23. Qxf2 Nxf2 24. Kxf2 Qh2+ 25. Kf3 Rf8+ 26. Kg4 g5 {Weighted Error Value: White=0.95/Black=0.01 (flawless)} 0-1

[Event "Charity Cup MCCT Prel 2022"]
[Site "Online"]
[Date "2022.03.15"]
[Round "6.1"]
[White "Niemann, Hans Moke"]
[Black "Le, Quang Liem"]
[Result "1/2-1/2"]
[WhiteElo "2642"]
[BlackElo "2709"]
[Annotator "TA"]
[PlyCount "155"]
[EventDate "2022.03.18"]
[EventType "tourn"]
[EventCountry "NET"]
[SourceTitle "playchess.com"]
[Source "ChessBase"]
[SourceQuality "1"]

{[%evp 10,155,25,24,34,8,15,21,13,10,12,11,8,-8,8,8,2,17,20,8,24,12,12,15,4,0,1,0,0,-9,-11,-15,-19,-12,-8,0,-6,-8,-15,-44,-31,-76,-38,-33,-39,-62,0,-63,-60,-62,-56,-61,-31,-54,0,0,0,0,14,11,11,4,14,13,13,0,0,0,0,0,0,-34,-31,-69,-69,-95,-55,-55,-55,-55,-55,-55,-55,-55,-54,-55,-55,-55,-55,-55,-15,-55,-55,-55,-55,-55,-55,-55,-55,-55,-55,-55,-55,-55,-55,-100,-100,-100,-55,-55,-55,-55,-55,-55,-8,-55,-55,-55,-55,-55,0,0,0,0,0,0,0,0,0,0,0,0,0,0,0,0,0,0,0,0,0,0,0,0,0,0,0,0]} 1. c4 Nf6 2. Nc3 e6 3. e4 d5 4. e5 d4 5. exf6 dxc3 6. bxc3 Qxf6 {A18: English Opening: Flohr-Mikenas System (1 c4 Nf6 2 Nc3 e6 3 e4).} 7. Bd3 Nc6 8. Nf3 Ne5 9. Be4 Nxf3+ {is the legacy move (9...Bd6).} 10. Bxf3 Qe5+ 11. Kf1 {[#]} Be7 $146 ({Predecessor:} 11... Qa5 12. a4 Rb8 13. Qb3 Bd7 14. d4 Be7 15. g3 O-O 16. Kg2 Bc6 17. Re1 Bxf3+ 18. Kxf3 {½-½ (49) Romanov,E (2626)-Riazantsev,A (2650) St Petersburg 2017}) 12. g3 O-O 13. Kg2 Qa5 14. Qb3 Rd8 15. d4 Rb8 16. Bf4 Bd7 {Prevents Qb5.} 17. Rhe1 Bd6 18. Be3 c5 19. dxc5 (19. Bxb7 $2 cxd4 20. cxd4 Bb4 $19) 19... Bxc5 20. Bf4 Ba4 21. Qb1 Bd6 22. Bxd6 Rxd6 23. Qb4 Qa6 {[%cal Oa4c6]} 24. c5 Rd2 25. c4 (25. Rab1 $15) 25... Rd4 26. Re4 Rd7 27. Qa3 Bb5 28. Qxa6 (28. Re3 $1 $11 Bc6 29. Qxa6 Bxf3+ 30. Rxf3 (30. Kxf3 bxa6 31. Rb3 Rc8 $11) 30... bxa6 31. c6) 28... Bxa6 $15 29. Rc1 Rc8 30. Re5 {[%cal Oc5c6]} Rd4 31. Rb1 Rxc4 (31... Rc7 $15) 32. Bxb7 $11 Bxb7+ 33. Rxb7 $15 {[%mdl 4096] Endgame KRR-KRR} Ra4 34. c6 Rxa2 35. Rc5 {[#] Threatens to win with c7.} Kf8 36. Rc3 {[%mdl 1024] Strongly threatening Rf3. White has compensation.} Ra5 $1 37. g4 h5 38. Rf3 f6 39. Rd3 Rd5 40. Ra3 a5 ({Don't do} 40... Rxc6 41. Raxa7 Kg8 42. Rxg7+ Kh8 43. Rh7+ Kg8 44. Rhg7+ (44. gxh5 Rg5+ 45. Kf3 Rc3+ 46. Ke2 Rc2+ 47. Kd3 Rxf2 $11) (44. Rxh5 Rxh5 45. gxh5 Rc5 $11) 44... Kh8 45. Rh7+ Kg8 46. h4 (46. gxh5 Rg5+ 47. Kf1 Rc1+ 48. Ke2 Rc2+ 49. Kf1 Rc1+ 50. Ke2 Rc2+ 51. Kd3 Rxf2 $11) (46. Rxh5 Rxh5 47. gxh5 Rc5 $11) 46... hxg4 47. Rhg7+ Kh8 48. Rh7+ (48. Rxg4 Rd8 $14) 48... Kg8 49. Rhg7+ Kh8 50. Rgf7 $16 (50. Rxg4 Rd8 $14)) 41. c7 {Rb8 is the strong threat.} Ke7 (41... hxg4 $2 42. Rb8 Ke7 43. Rxc8 $18) 42. h3 hxg4 (42... h4 {feels hotter.} 43. Ra7 g5 44. Rc3 Kd7 45. Kf3 a4) 43. hxg4 Kd6 (43... Kd7 {looks sharper.} 44. Ra7 Rxc7 45. R7xa5 Rxa5 46. Rxa5 g5) 44. Ra7 Rxc7 45. R7xa5 Rxa5 46. Rxa5 {KR-KR} e5 47. Kf3 Rc3+ 48. Ke2 Rc4 49. f3 Rf4 50. Ke3 g5 {[%cal Oe5e4]} 51. Ra6+ Ke7 $1 {[%cal Oe5e4]} 52. Ra7+ Ke6 {[%cal Oe5e4]} 53. Ra6+ Kf7 {[%cal Oe5e4]} 54. Ra7+ $1 Kf8 55. Ra8+ Kg7 $1 {[%cal Oe5e4]} 56. Ra7+ $1 Kh6 {[%cal Oe5e4]} 57. Ra6 (57. Re7 $1 $15) 57... Kg6 $17 58. Rb6 {[#]} Rd4 (58... e4 $1 $17 {[%cal Re4f3]} 59. fxe4 Rxg4) 59. Ra6 Kf7 60. Ra7+ Ke6 61. Ra6+ Rd6 (61... Ke7 $1 $15) 62. Ra5 (62. Rxd6+ $1 $11 Kxd6 63. Ke4) 62... Rb6 $15 63. Ke4 Rc6 64. Ra4 Kd6 (64... Rc3 $15) 65. Kf5 $11 {The position is equal.} Kd5 66. Ra3 Kd4 67. Rb3 Ra6 68. Kg6 e4 {Hoping for ...e3.} 69. Rb4+ Ke3 70. fxe4 Kf4 71. Kh5 Re6 72. Rb5 (72. e5+ $5 Kxe5 73. Kg6 $11) 72... Rxe4 ({Much worse is} 72... Kxe4 73. Rf5 $15) 73. Rf5+ Kg3 74. Rxf6 Rxg4 75. Rf5 Kh3 76. Rf3+ Rg3 77. Rxg3+ Kxg3 78. Kxg5 {Weighted Error Value: White=0.08 (flawless) /Black=0.07 (flawless)} 1/2-1/2